[Event "26th New York Masters"]
[Site "New York"]
[Date "2002.09.24"]
[Round "1"]
[White "Bonin, Jay R"]
[Black "Novikov, Igor A"]
[Result "0-1"]
[WhiteElo "2391"]
[BlackElo "2724"]
[PlyCount "92"]
[EventDate "2002.09.24"]
[SourceDate "2002.01.21"]

1. d4 d5 2. Bg5 h6 3. Bh4 c6 4. c3 Bf5 5. Nd2 Nd7 6. Ngf3 Ngf6 7. e3 e6 8. Qb3
Qb6 9. Be2 Be7 10. O-O Bg4 11. Rfe1 a5 12. Ne5 Bxe2 13. Nxd7 Qxb3 14. Nxf6+
gxf6 15. axb3 Bd3 16. Bg3 Kd7 17. e4 dxe4 18. Nxe4 Bc2 19. Bh4 Bxe4 20. Rxe4 f5
21. Rf4 Bg5 22. Bxg5 hxg5 23. Rf3 f6 24. Re3 Kd6 25. Rae1 Rae8 26. h3 b6 27.
Rd3 Rh4 28. f3 f4 29. Kf2 Rh7 30. c4 Ra7 31. Rc1 Ke7 32. Ra1 Rd7 33. Ke2 Red8
34. Rad1 c5 35. d5 exd5 36. cxd5 Kd6 37. Kf2 Re8 38. g3 Rde7 39. gxf4 Re2+ 40.
Kg3 Rxb2 41. fxg5 fxg5 42. R1d2 Rxd2 43. Rxd2 Re5 44. Kg4 Rxd5 45. Rxd5+ Kxd5
46. Kxg5 b5 0-1

[Event "26th New York Masters"]
[Site "New York"]
[Date "2002.09.24"]
[Round "1"]
[White "Schwartz, Ylan"]
[Black "Schmaltz, Roland"]
[Result "0-1"]
[WhiteElo "2294"]
[BlackElo "2614"]
[PlyCount "60"]
[EventDate "2002.09.24"]
[SourceDate "2002.01.21"]

1. e4 c5 2. Nf3 e6 3. Be2 d6 4. d4 cxd4 5. Nxd4 Nf6 6. Nc3 a6 7. O-O Nbd7 8. f4
Qc7 9. Kh1 Be7 10. Bf3 g6 11. Qe2 O-O 12. Be3 e5 13. Nb3 exf4 14. Bxf4 Ne5 15.
Bxe5 dxe5 16. Nd5 Nxd5 17. exd5 f5 18. Qd2 e4 19. Be2 Qe5 20. Qd4 Bd6 21. Qxe5
Bxe5 22. c4 b6 23. Rab1 a5 24. Rfd1 Bd7 25. Nd4 Rf6 26. b3 g5 27. a3 Rh6 28. h3
g4 29. Ne6 gxh3 30. g4 f4 0-1

[Event "26th New York Masters"]
[Site "New York"]
[Date "2002.09.24"]
[Round "1"]
[White "Shahade, Gregory"]
[Black "Bady, Glenn"]
[Result "1-0"]
[WhiteElo "2537"]
[BlackElo "2210"]
[PlyCount "67"]
[EventDate "2002.09.24"]
[SourceDate "2002.01.21"]

1. e4 c5 2. Nf3 d6 3. d4 cxd4 4. Nxd4 Nf6 5. Nc3 e6 6. g4 h6 7. h3 a6 8. Bg2
Nbd7 9. O-O Be7 10. Qe2 Qc7 11. a4 Ne5 12. Kh1 Bd7 13. f4 Nc4 14. b3 e5 15. Nf5
Bxf5 16. exf5 Nb6 17. Bb2 O-O-O 18. a5 Nbd7 19. Nd5 Nxd5 20. Bxd5 h5 21. g5 f6
22. g6 Kb8 23. b4 exf4 24. Qxe7 Rhe8 25. Qf7 Qxc2 26. Bg2 f3 27. Bxf3 Qxf5 28.
Bg2 Qb5 29. Qxg7 Re2 30. Bxf6 Rde8 31. Qf7 Rf8 32. Qxf8+ Nxf8 33. g7 Rxg2 34.
gxf8=Q+ 1-0

[Event "26th New York Masters"]
[Site "New York"]
[Date "2002.09.24"]
[Round "2"]
[White "Wojtkiewicz, Aleksander"]
[Black "Shahade, Gregory"]
[Result "1-0"]
[WhiteElo "2683"]
[BlackElo "2537"]
[PlyCount "65"]
[EventDate "2002.09.24"]
[SourceDate "2002.01.21"]

1. Nf3 c5 2. c4 Nc6 3. d4 cxd4 4. Nxd4 Nf6 5. Nc3 e6 6. Ndb5 Bb4 7. Bf4 O-O 8.
Bc7 Qe7 9. Bd6 Bxd6 10. Qxd6 Qd8 11. e3 Qa5 12. Qd2 d5 13. cxd5 exd5 14. Be2 a6
15. Nd4 Nxd4 16. Qxd4 Be6 17. O-O Rac8 18. Rfd1 h6 19. a3 Rfd8 20. h3 Rd7 21.
b4 Qc7 22. Na4 Qc2 23. Nb6 Qxe2 24. Rd2 Qb5 25. Nxc8 Rc7 26. a4 Qc6 27. b5 Qe8
28. Nd6 Qe7 29. Qf4 Qd7 30. e4 Kh7 31. exd5 Nxd5 32. Qe4+ f5 33. Nxf5 1-0

[Event "26th New York Masters"]
[Site "New York"]
[Date "2002.09.24"]
[Round "3"]
[White "Schmaltz, Roland"]
[Black "Wojtkiewicz, Aleksander"]
[Result "1-0"]
[WhiteElo "2614"]
[BlackElo "2683"]
[PlyCount "163"]
[EventDate "2002.09.24"]
[SourceDate "2002.01.21"]

1. e4 c5 2. Nf3 d6 3. d4 cxd4 4. Nxd4 Nf6 5. Nc3 a6 6. f4 e5 7. Nf3 Nbd7 8. Bd3
Be7 9. O-O O-O 10. Kh1 b5 11. a3 Bb7 12. Qe1 Rc8 13. Bd2 Re8 14. fxe5 dxe5 15.
Rd1 Qc7 16. Nh4 g6 17. Qf2 Qb6 18. Qf3 Qe6 19. h3 Nc5 20. Be1 Rcd8 21. Bf2 Nh5
22. Bxc5 Bxc5 23. Nf5 Qxf5 24. exf5 Bxf3 25. gxf3 Ng3+ 26. Kg2 Nxf1 27. Rxf1
Kg7 28. f6+ Kg8 29. Ne4 Bf8 30. Ra1 Rb8 31. b3 Rec8 32. a4 Rc7 33. Kf2 h6 34.
Ke2 Bb4 35. axb5 axb5 36. Ra6 Bc5 37. Nc3 Rcb7 38. Rc6 Bf8 39. Ra6 b4 40. Ne4
Rb6 41. Ra5 R6b7 42. Rxe5 Ra7 43. h4 h5 44. Rg5 Rd8 45. Bc4 Kh7 46. Rg1 Bh6 47.
Bd3 Ra2 48. Rf1 Bf4 49. Rg1 Rd5 50. Rg2 Kh6 51. Rg1 Rd7 52. Rh1 Rda7 53. Rg1
Rb2 54. Rd1 Raa2 55. Ke1 Ra7 56. Ke2 Rba2 57. Rg1 Ra1 58. Rg2 Rh1 59. Nf2 Rxh4
60. Be4 Be5 61. Nd3 Bxf6 62. Nxb4 Ra1 63. Kd3 Bg7 64. Nc6 f5 65. Bd5 Rd1+ 66.
Rd2 Rxd2+ 67. Kxd2 Rh2+ 68. Kd3 h4 69. b4 Rh1 70. f4 Rb1 71. c4 h3 72. Kc2 Rg1
73. b5 Bf8 74. Ne5 Bc5 75. Nd3 Ba7 76. c5 Rg2+ 77. Kc3 Rg3 78. b6 Bb8 79. c6
Bxf4 80. c7 Be5+ 81. Kc4 Rg4+ 82. Kb5 1-0

[Event "26th New York Masters"]
[Site "New York"]
[Date "2002.09.27"]
[Round "4"]
[White "Furdzik, Rafal"]
[Black "Yudasin, Leonid"]
[Result "0-1"]
[WhiteElo "2287"]
[BlackElo "2696"]
[PlyCount "102"]
[EventDate "2002.09.24"]
[SourceDate "2002.01.21"]

1. e4 c5 2. Nf3 d6 3. Bb5+ Nd7 4. c3 Ngf6 5. Qe2 a6 6. Ba4 e6 7. d4 cxd4 8.
cxd4 d5 9. e5 Qa5+ 10. Nc3 Ne4 11. Bd2 Nxc3 12. Bxd7+ Bxd7 13. Bxc3 Qb6 14. Qd2
Be7 15. O-O O-O 16. Ba5 Qb5 17. Rac1 b6 18. Bc3 Rfc8 19. Ne1 a5 20. Nd3 Qa6 21.
f4 b5 22. a3 b4 23. axb4 Bb5 24. Rfd1 Bxd3 25. Qxd3 Qxd3 26. Rxd3 axb4 27. Bd2
Rxc1+ 28. Bxc1 Ra1 29. Rd1 b3 30. Kf2 Bb4 31. Ke2 Rb1 32. g4 Kf8 33. f5 Ke8 34.
fxe6 fxe6 35. h4 Ba5 36. h5 h6 37. Kd3 Kd7 38. Rf1 Kc6 39. Rg1 Kb5 40. Rf1 Ra1
41. Rg1 Rb1 42. Rf1 Bd8 43. Rf8 Rxc1 44. Rxd8 Rg1 45. Re8 Rxg4 46. Rxe6 Rg3+
47. Kd2 Kc4 48. Rg6 Rd3+ 49. Ke2 Rxd4 50. Rxg7 Re4+ 51. Kd2 Rxe5 0-1

[Event "26th New York Masters"]
[Site "New York"]
[Date "2002.09.24"]
[Round "4"]
[White "Novikov, Igor A"]
[Black "Schmaltz, Roland"]
[Result "1/2-1/2"]
[WhiteElo "2724"]
[BlackElo "2614"]
[PlyCount "98"]
[EventDate "2002.09.24"]
[SourceDate "2002.01.21"]

1. d4 g6 2. e4 Bg7 3. Nf3 d6 4. Be2 Nf6 5. Nc3 O-O 6. O-O c6 7. Re1 Nbd7 8. a4
e5 9. dxe5 dxe5 10. Qd6 Ne8 11. Qa3 Bf6 12. Be3 Qe7 13. a5 Qxa3 14. Rxa3 Be7
15. Ra4 Kg7 16. Rd1 Nef6 17. Nd2 Nc5 18. Raa1 Ng4 19. Bxg4 Bxg4 20. f3 Be6 21.
Na4 Nd7 22. Nb3 Rfd8 23. Nbc5 Nxc5 24. Nxc5 Bc8 25. Rxd8 Bxd8 26. b4 Bc7 27.
Nd3 f6 28. Kf2 Kf7 29. Ke2 Be6 30. Nc5 Bc8 31. Kd2 Rb8 32. Kc3 Ke7 33. Nd3 Ra8
34. Nb2 Be6 35. Nc4 Bxc4 36. Kxc4 a6 37. Rd1 Ke6 38. Bc5 Rd8 39. Rd3 h5 40. Bb6
Rxd3 41. cxd3 Bd6 42. g4 hxg4 43. fxg4 g5 44. h3 Bb8 45. Bf2 Bd6 46. Bg3 Be7
47. Be1 Bd6 48. Bf2 Be7 49. Bg3 Bf8 1/2-1/2

[Event "26th New York Masters"]
[Site "New York"]
[Date "2002.09.24"]
[Round "4"]
[White "Rubenchik, Rodion"]
[Black "Lapshun, Yury"]
[Result "0-1"]
[WhiteElo "2346"]
[BlackElo "2438"]
[PlyCount "48"]
[EventDate "2002.09.24"]
[SourceDate "2002.01.21"]

1. Nf3 c5 2. c4 Nc6 3. d4 cxd4 4. Nxd4 e5 5. Nb5 d6 6. N1c3 a6 7. Na3 Be6 8. g3
h5 9. h4 Rc8 10. Bg2 Na5 11. O-O Be7 12. Be3 Nf6 13. Nd5 Nxc4 14. Nxc4 Rxc4 15.
Nxf6+ Bxf6 16. Bxb7 Bxh4 17. Bxa6 Rg4 18. Bb5+ Kf8 19. Bc6 d5 20. Bc5+ Kg8 21.
b4 Rh6 22. Kh1 Bxg3 23. fxg3 Rxg3 24. Rf2 Qh4+ 0-1

[Event "27th New York Masters"]
[Site "New York"]
[Date "2002.10.01"]
[Round "1"]
[White "Milman, Lev"]
[Black "Schmaltz, Roland"]
[Result "1/2-1/2"]
[WhiteElo "2312"]
[BlackElo "2621"]
[PlyCount "119"]
[EventDate "2002.10.01"]
[SourceDate "2002.01.21"]

1. e4 c5 2. d4 cxd4 3. c3 Nf6 4. e5 Nd5 5. Nf3 e6 6. cxd4 d6 7. Bc4 Nb6 8. Bd3
Bd7 9. O-O Bc6 10. Nc3 N8d7 11. Bf4 dxe5 12. Nxe5 Nxe5 13. Bxe5 Bd6 14. Qe2 O-O
15. Rad1 Nd5 16. Nxd5 Bxd5 17. Bc4 Be7 18. b3 Rc8 19. Bd3 g6 20. Rfe1 Bb4 21.
Rf1 Qg5 22. Be4 Rfd8 23. Qf3 Bxe4 24. Qxe4 Rd5 25. h4 Qh6 26. Bf6 Bd6 27. g3
Qh5 28. Rc1 Re8 29. Rfe1 Qf5 30. Qxf5 gxf5 31. Kf1 h5 32. Rc2 Kh7 33. Be5 Re7
34. Bf6 Rc7 35. Rxc7 Bxc7 36. Rc1 Bb6 37. Ke2 Kg6 38. Be5 f6 39. Bf4 Rxd4 40.
Be3 Re4 41. Kf3 Rb4 42. Bxb6 Rxb6 43. Rc7 e5 44. Rd7 Rb4 45. Rc7 f4 46. g4
hxg4+ 47. Kxg4 f5+ 48. Kf3 a5 49. Rc5 a4 50. Rxe5 axb3 51. axb3 Rxb3+ 52. Kxf4
Rb4+ 53. Kg3 b5 54. Re6+ Kf7 55. Rb6 Rb2 56. f3 Rb4 57. h5 Kg7 58. Kh3 Kh7 59.
Kg3 Kg7 60. Kh3 1/2-1/2

[Event "27th New York Masters"]
[Site "New York"]
[Date "2002.10.01"]
[Round "2"]
[White "Schmaltz, Roland"]
[Black "Chernin, Oliver"]
[Result "1-0"]
[WhiteElo "2621"]
[BlackElo "2212"]
[PlyCount "75"]
[EventDate "2002.10.01"]
[SourceDate "2002.01.21"]

1. e4 Nf6 2. e5 Nd5 3. d4 d6 4. c4 Nb6 5. exd6 cxd6 6. h3 g6 7. Nf3 Bg7 8. Be2
O-O 9. O-O Nc6 10. Nc3 Bf5 11. b3 e5 12. Be3 Rc8 13. d5 Nb4 14. Rc1 Na6 15. Nb5
Ra8 16. a4 Nc8 17. Qd2 b6 18. b4 Nc7 19. Rfd1 a5 20. Nxc7 Qxc7 21. c5 bxc5 22.
bxc5 dxc5 23. d6 Qd8 24. Bxc5 Bd7 25. Bb5 Na7 26. Bxd7 Qxd7 27. Qxa5 e4 28. Nd4
Bxd4 29. Bxd4 Nc6 30. Qb5 Rfc8 31. Rxc6 Rxc6 32. Qe5 f6 33. Qxf6 Rd8 34. Qh8+
Kf7 35. Qxh7+ Kf8 36. Qh8+ Kf7 37. Qg7+ Ke8 38. Qg8# 1-0

[Event "27th New York Masters"]
[Site "New York"]
[Date "2002.10.01"]
[Round "3"]
[White "Shevelev, Danny"]
[Black "Tamarkin, Larry S"]
[Result "1-0"]
[WhiteElo "2351"]
[BlackElo "2026"]
[PlyCount "59"]
[EventDate "2002.10.01"]
[SourceDate "2002.01.21"]

1. e4 c5 2. Nf3 g6 3. d4 Bg7 4. Nc3 cxd4 5. Nxd4 Nc6 6. Nde2 d6 7. h3 Nf6 8. g3
O-O 9. Bg2 Rb8 10. a4 a6 11. O-O b5 12. axb5 axb5 13. Nd5 Nxd5 14. exd5 Ne5 15.
Nd4 Bd7 16. Re1 Nc4 17. c3 Re8 18. b3 Nb6 19. Bf4 Qc8 20. Qd3 Bxh3 21. Nc6 Rb7
22. Bxh3 Qxh3 23. Bxd6 Rd7 24. Rxe7 Rexe7 25. Nxe7+ Kh8 26. Bc5 Bf6 27. Bd4 Kg7
28. Bxf6+ Kxf6 29. d6 Qg4 30. Ra6 1-0

[Event "27th New York Masters"]
[Site "New York"]
[Date "2002.10.01"]
[Round "4"]
[White "Schmaltz, Roland"]
[Black "Stein, Alan"]
[Result "1-0"]
[WhiteElo "2621"]
[BlackElo "2385"]
[PlyCount "145"]
[EventDate "2002.10.01"]
[SourceDate "2002.01.21"]

1. e4 c5 2. Nf3 e6 3. d4 cxd4 4. Nxd4 Nf6 5. Nc3 d6 6. Bd3 Nc6 7. Nb3 Be7 8. f4
a6 9. O-O b5 10. Qf3 Bb7 11. Bd2 Qc7 12. Rae1 b4 13. Ne2 O-O 14. Kh1 Rfe8 15.
Qh3 e5 16. Ng3 Bc8 17. Nf5 Bf8 18. fxe5 Rxe5 19. Bg5 Bxf5 20. exf5 Nd7 21. Rd1
a5 22. Bf4 Ree8 23. Bc4 Nce5 24. Bd5 Rac8 25. Nd4 Nf6 26. Bb3 Qd7 27. Ne6 Neg4
28. Nxf8 Rxf8 29. c3 a4 30. Bc2 a3 31. Bxd6 Rfd8 32. Bg3 Qb5 33. c4 Qxc4 34.
Bb3 Qe2 35. bxa3 bxa3 36. Rde1 Qb5 37. Bh4 Re8 38. Qg3 Rxe1 39. Rxe1 Qb4 40. h3
Rc3 41. Rd1 h5 42. Qe1 Ne3 43. Rd8+ Kh7 44. Bxf7 Nxf5 45. Bf2 Ne4 46. Bg8+ Kg6
47. Rd1 Neg3+ 48. Bxg3 Nxg3+ 49. Kh2 Qf4 50. Qe6+ Qf6 51. Qe8+ Kh6 52. Bf7 g6
53. Qf8+ Qg7 54. Qe7 Nf5 55. Qe6 Re3 56. Qd5 Qe5+ 57. Qxe5 Rxe5 58. Rd2 Rc5 59.
Rd3 Ra5 60. g4 hxg4 61. hxg4 Ne7 62. Re3 Nd5 63. Re5 Kg7 64. Rxd5 Ra4 65. Be6
Re4 66. Rd7+ Kf6 67. Bb3 Rxg4 68. Ra7 Kg5 69. Rxa3 Rd4 70. Ra5+ Kf6 71. Kg3 Ke7
72. Ra6 g5 73. Rg6 1-0

[Event "28th New York Masters"]
[Site "New York"]
[Date "2002.10.08"]
[Round "1"]
[White "Schmaltz, Roland"]
[Black "Furdzik, Rafal"]
[Result "1-0"]
[WhiteElo "2621"]
[BlackElo "2304"]
[PlyCount "67"]
[EventDate "2002.10.08"]
[SourceDate "2002.01.21"]

1. e4 c6 2. d4 d5 3. Nd2 dxe4 4. Nxe4 Bf5 5. Ng3 Bg6 6. Nf3 Nd7 7. h4 h6 8. h5
Bh7 9. Bd3 Bxd3 10. Qxd3 e6 11. Bf4 Ngf6 12. O-O-O Be7 13. Kb1 O-O 14. Ne4 Qa5
15. Nxf6+ Bxf6 16. g4 Rfd8 17. Rhg1 Nc5 18. Qe3 Na4 19. g5 Qb4 20. Qb3 Qxb3 21.
axb3 hxg5 22. Bxg5 Bxg5 23. Rxg5 f6 24. Rg6 Nb6 25. Rdg1 Rd7 26. h6 Kh7 27.
hxg7 Rg8 28. Rxf6 Rgxg7 29. Rh1+ Kg8 30. Rfh6 Rde7 31. Rh8+ Kf7 32. Ne5+ Kf6
33. Rf8+ Kg5 34. f4# 1-0

[Event "28th New York Masters"]
[Site "New York"]
[Date "2002.10.08"]
[Round "3"]
[White "Henry, Kasaun"]
[Black "Caruana, Fabiano"]
[Result "0-1"]
[WhiteElo "2079"]
[BlackElo "2060"]
[PlyCount "68"]
[EventDate "2002.10.08"]
[SourceDate "2002.01.21"]

1. e4 e5 2. Nf3 Nc6 3. Bb5 g6 4. O-O Bg7 5. c3 d5 6. d3 Nge7 7. Re1 O-O 8. Nbd2
a6 9. Ba4 h6 10. Nf1 Be6 11. Bb3 Qd6 12. Ne3 Rad8 13. Qe2 Rfe8 14. Rd1 Na5 15.
Bc2 f5 16. c4 d4 17. Nd5 c6 18. Bd2 cxd5 19. Bxa5 b6 20. Bd2 dxc4 21. Be1 fxe4
22. Qxe4 Bf5 23. Qb7 cxd3 24. Bxd3 Bxd3 25. Rxd3 Nd5 26. Rdd1 b5 27. Rac1 Re7
28. Qc6 Red7 29. Nd2 Qxc6 30. Rxc6 Rd6 31. Rc5 Nf4 32. Ne4 Re6 33. Kf1 Rf8 34.
Rdc1 Nd3 0-1

[Event "29th New York Masters"]
[Site "New York"]
[Date "2002.10.15"]
[Round "2"]
[White "Lapshun, Yury"]
[Black "Stripunsky, Alexander"]
[Result "1/2-1/2"]
[WhiteElo "2506"]
[BlackElo "2618"]
[PlyCount "113"]
[EventDate "2002.10.15"]
[SourceDate "2002.01.21"]

1. b4 e5 2. Bb2 Bxb4 3. f4 d6 4. fxe5 dxe5 5. Bxe5 Nf6 6. Nf3 O-O 7. Nc3 Ng4 8.
Bf4 Nc6 9. e4 Re8 10. Bd3 Nge5 11. Nxe5 Nxe5 12. O-O Nxd3 13. cxd3 Qxd3 14.
Bxc7 Bxc3 15. dxc3 Qxe4 16. Re1 Qxe1+ 17. Qxe1 Rxe1+ 18. Rxe1 Be6 19. a3 Rc8
20. Rd1 Kf8 21. Rd8+ Rxd8 22. Bxd8 Ke8 23. Bc7 Kd7 24. Bb8 a6 25. Kf2 Kc6 26.
Ke3 Kc5 27. h4 Kc4 28. Kd2 Bf5 29. g3 Be4 30. Bc7 Kb3 31. Bd6 b6 32. Bf8 g6 33.
Be7 a5 34. Bf8 f5 35. Be7 Bc6 36. Bf8 Bd7 37. Be7 Be8 38. Bf8 Bb5 39. Be7 Bc6
40. Bf8 Be8 41. Be7 h6 42. Kd3 Bb5+ 43. Kd2 Bc4 44. Ke3 g5 45. hxg5 hxg5 46.
Kd4 g4 47. Bd6 Ba6 48. Ke5 Bc8 49. Kd4 f4 50. gxf4 Bf5 51. Ke3 b5 52. Bc7 a4
53. Bd6 Kc2 54. Bb4 Kd1 55. Kf2 Kc2 56. Kg3 Kd3 57. Ba5 1/2-1/2

[Event "30th New York Masters"]
[Site "New York"]
[Date "2002.10.22"]
[Round "3"]
[White "Furdzik, Rafal"]
[Black "Stripunsky, Alexander"]
[Result "1-0"]
[WhiteElo "2304"]
[BlackElo "2618"]
[PlyCount "81"]
[EventDate "2002.10.22"]
[SourceDate "2002.01.21"]

1. e4 g6 2. d4 Bg7 3. Nc3 c6 4. Nf3 d5 5. h3 Nh6 6. Bf4 f6 7. exd5 cxd5 8. Nb5
Na6 9. c4 g5 10. Bh2 Be6 11. Nc3 dxc4 12. Bxc4 Bxc4 13. Qa4+ Qd7 14. Qxc4 Rc8
15. Qb3 Nf7 16. O-O O-O 17. Rfe1 Rfe8 18. Re6 Rc6 19. Rae1 Rxe6 20. Rxe6 Kf8
21. Qc4 Rc8 22. Qe2 Nd8 23. Re3 e6 24. g4 Nb4 25. d5 Nxd5 26. Nxd5 Qxd5 27. Rd3
Qc6 28. Qd1 Ke8 29. Rc3 Qd7 30. Rd3 Qb5 31. a4 Qxb2 32. Kg2 Bf8 33. Rd7 Be7 34.
Bd6 Nc6 35. Bxe7 Qb6 36. Ba3 Nb8 37. Re7+ Kf8 38. Rxe6+ Kf7 39. Rxb6 axb6 40.
Qd5+ Kg7 41. Qxb7+ 1-0

[Event "30th New York Masters"]
[Site "New York"]
[Date "2002.10.23"]
[Round "4"]
[White "Novikov, Igor A"]
[Black "Furdzik, Rafal"]
[Result "1-0"]
[WhiteElo "2719"]
[BlackElo "2304"]
[PlyCount "93"]
[EventDate "2002.10.22"]
[SourceDate "2002.01.21"]

1. d4 Nf6 2. c4 e6 3. Nc3 Bb4 4. f3 d5 5. a3 Bxc3+ 6. bxc3 b6 7. cxd5 exd5 8.
e3 O-O 9. Bd3 Ba6 10. Bxa6 Nxa6 11. Qd3 Qc8 12. Ne2 c5 13. O-O Re8 14. Ng3 Qb7
15. Ra2 b5 16. Re2 b4 17. cxb4 cxb4 18. Rb2 Rab8 19. Bd2 Nd7 20. Bxb4 Nxb4 21.
Rxb4 Nb6 22. e4 Rbc8 23. e5 Rc4 24. Nf5 Qc6 25. Nd6 Rc3 26. Qb1 Rf8 27. Nb5 Rc2
28. Nxa7 Qc3 29. Qe1 Qxa3 30. Rxb6 Qa2 31. Kh1 Rxg2 32. Qh4 Qxa7 33. Rh6 gxh6
34. Kxg2 Qb6 35. Rg1 Kh8 36. Kh1 Rg8 37. Qf6+ Qxf6 38. Rxg8+ Kxg8 39. exf6 Kf8
40. Kg2 Ke8 41. Kg3 Kd7 42. Kg4 Ke6 43. Kh5 Kxf6 44. Kxh6 Kf5 45. Kxh7 Kg5 46.
Kg7 f5 47. Kf7 1-0

[Event "31st New York Masters"]
[Site "New York"]
[Date "2002.10.29"]
[Round "1"]
[White "Yudasin, Leonid"]
[Black "Milman, Lev"]
[Result "1-0"]
[WhiteElo "2699"]
[BlackElo "2312"]
[PlyCount "91"]
[EventDate "2002.10.29"]
[SourceDate "2002.01.21"]

1. e4 c5 2. Nf3 g6 3. c3 Bg7 4. d4 cxd4 5. cxd4 d5 6. e5 Bg4 7. Qb3 Qd7 8. Nc3
Bxf3 9. gxf3 Nc6 10. Be3 Rd8 11. Na4 Na5 12. Qb5 b6 13. Rc1 Nc4 14. Qxd7+ Kxd7
15. b3 Nxe3 16. Bb5+ Ke6 17. Rc6+ Kf5 18. fxe3 f6 19. Bd3+ Kg5 20. h4+ Kh6 21.
f4 Bf8 22. Kf2 Kg7 23. Rc7 Nh6 24. Rxa7 Rb8 25. Kf3 Nf7 26. Rc1 Nd8 27. Rd7 Kf7
28. Rxd5 Bh6 29. Rd7 Re8 30. Bc4+ Kg7 31. Bb5 Ne6 32. Ra7 Ra8 33. Rxa8 Rxa8 34.
Rc6 Nd8 35. Rxb6 g5 36. exf6+ exf6 37. hxg5 fxg5 38. fxg5 Bxg5 39. Ra6 Rb8 40.
Bd3 Rb7 41. e4 Rf7+ 42. Ke2 h5 43. e5 Be7 44. Rg6+ Kf8 45. Bc4 Rg7 46. Rxg7 1-0

[Event "31st New York Masters"]
[Site "New York"]
[Date "2002.10.29"]
[Round "3"]
[White "Stein, Alan"]
[Black "Lapshun, Yury"]
[Result "1-0"]
[WhiteElo "2385"]
[BlackElo "2506"]
[PlyCount "123"]
[EventDate "2002.10.29"]
[SourceDate "2002.01.21"]

1. e4 c5 2. Nf3 Nc6 3. Bb5 g6 4. O-O Bg7 5. Re1 Nh6 6. d3 O-O 7. Nbd2 d6 8. h3
a6 9. Bc4 Na5 10. a4 Nxc4 11. Nxc4 Be6 12. a5 f6 13. Nb6 Rb8 14. d4 cxd4 15.
Nxd4 Bf7 16. Ra3 e6 17. b4 Qe7 18. Rd3 Rfd8 19. c4 Be8 20. Ba3 Nf7 21. f4 Bd7
22. Qe2 e5 23. Nd5 Qf8 24. fxe5 Nxe5 25. Rd2 Nc6 26. Nxc6 bxc6 27. Nb6 Be6 28.
Red1 Rb7 29. b5 cxb5 30. cxb5 axb5 31. Qxb5 Bh6 32. Rxd6 Rxd6 33. Rxd6 Be3+ 34.
Kh1 Qe7 35. Rd3 Bd7 36. Qb3+ Be6 37. Bxe7 Bxb3 38. Rxb3 Bd2 39. Bb4 Be3 40.
Rxe3 Ra7 41. Ra3 Ra6 42. Nd5 Kf7 43. Bc5 f5 44. Bb6 Ra8 45. Nc7 Rd8 46. a6 fxe4
47. a7 e3 48. Rxe3 Rd1+ 49. Kh2 Ra1 50. a8=Q Rxa8 51. Nxa8 g5 52. Nc7 h5 53. g4
h4 54. Nd5 Kg6 55. Rf3 Kg7 56. Bd4+ Kg6 57. Rf6+ Kg7 58. Ne3 Kg8 59. Nf5 Kh8
60. Rf8+ Kh7 61. Rf7+ Kg8 62. Nh6# 1-0

[Event "31st New York Masters"]
[Site "New York"]
[Date "2002.10.29"]
[Round "3"]
[White "Yudasin, Leonid"]
[Black "Shahade, Gregory"]
[Result "1-0"]
[WhiteElo "2699"]
[BlackElo "2493"]
[PlyCount "47"]
[EventDate "2002.10.29"]
[SourceDate "2002.01.21"]

1. e4 c5 2. Nf3 d6 3. Bc4 e6 4. Qe2 Nc6 5. c3 Nf6 6. Bb3 Be7 7. O-O O-O 8. d4
cxd4 9. cxd4 e5 10. d5 Nb8 11. Nc3 Bg4 12. h3 Bxf3 13. Qxf3 Na6 14. Qe2 Nd7 15.
g3 Ndc5 16. Bc4 Rc8 17. a3 Bg5 18. b4 Nb3 19. Bxb3 Rxc3 20. Bc4 Qb6 21. Bb2 Bd2
22. Rad1 Rc8 23. Bxc3 Bxc3 24. Rc1 1-0

[Event "32nd New York Masters"]
[Site "New York"]
[Date "2002.11.05"]
[Round "1"]
[White "Lenderman, Alex"]
[Black "Sarkar, Justin"]
[Result "1/2-1/2"]
[WhiteElo "2094"]
[BlackElo "2370"]
[PlyCount "94"]
[EventDate "2002.11.05"]
[SourceDate "2002.01.21"]

1. e4 c5 2. Nf3 d6 3. d4 Nf6 4. Nc3 cxd4 5. Nxd4 a6 6. Be2 e5 7. Nb3 Be7 8. Be3
Be6 9. Nd5 Nbd7 10. f3 Nxd5 11. exd5 Bf5 12. Bd3 Bg5 13. Bxg5 Qxg5 14. Bxf5
Qxf5 15. O-O Rc8 16. Qd3 Qxd3 17. cxd3 Nf6 18. Na5 Nxd5 19. Nxb7 Ke7 20. Na5
Ne3 21. Rfc1 Nc2 22. Rab1 Nb4 23. Rc3 Nxa2 24. Rb3 Rc1+ 25. Rxc1 Nxc1 26. Rb7+
Ke6 27. Rb6 Nxd3 28. Nb7 e4 29. fxe4 Ke5 30. Nxd6 Kd4 31. Nxf7 Rc8 32. h3 Rc2
33. Ng5 Ke3 34. Nf3 Nf4 35. Rb3+ Kxe4 36. Rb4+ Ke3 37. Rb3+ Nd3 38. Ne1 Rd2 39.
Nxd3 Rxd3 40. Rb7 g5 41. Rxh7 g4 42. hxg4 Kf4 43. Ra7 Rd6 44. Rg7 Rb6 45. Ra7
Kxg4 46. Kh2 Rh6+ 47. Kg1 Rb6 1/2-1/2

[Event "32nd New York Masters"]
[Site "New York"]
[Date "2002.11.05"]
[Round "3"]
[White "Yudasin, Leonid"]
[Black "Shahade, Gregory"]
[Result "1-0"]
[WhiteElo "2699"]
[BlackElo "2493"]
[PlyCount "61"]
[EventDate "2002.11.05"]
[SourceDate "2002.01.21"]

1. e4 c5 2. Nf3 d6 3. Bc4 e6 4. O-O Nc6 5. Bb3 Na5 6. Ba4+ Bd7 7. c3 Bxa4 8.
Qxa4+ Nc6 9. d4 cxd4 10. cxd4 d5 11. exd5 Qxd5 12. Nc3 Qd7 13. d5 exd5 14. Rd1
Nge7 15. Bf4 f6 16. Rd2 g5 17. Be3 Bg7 18. Rad1 O-O 19. Nxd5 Nxd5 20. Rxd5 Qe6
21. Rd6 Qf5 22. Qb3+ Rf7 23. Rd7 Raf8 24. Rxb7 a6 25. Rb6 Ne7 26. Rxa6 Ng6 27.
Nd4 Qg4 28. h3 Qe4 29. Ra7 h6 30. f3 Qe8 31. Nf5 1-0

[Event "32nd New York Masters"]
[Site "New York"]
[Date "2002.11.05"]
[Round "4"]
[White "Sarkar, Justin"]
[Black "Yudasin, Leonid"]
[Result "0-1"]
[WhiteElo "2370"]
[BlackElo "2699"]
[PlyCount "70"]
[EventDate "2002.11.05"]
[SourceDate "2002.01.21"]

1. d4 Nf6 2. c4 e6 3. Nc3 Bb4 4. Qc2 O-O 5. a3 Bxc3+ 6. Qxc3 b6 7. Bg5 Ba6 8.
Qf3 Nc6 9. Bxf6 Qxf6 10. Qxf6 gxf6 11. e3 Bb7 12. Ne2 Rfd8 13. Nc3 Kf8 14. Be2
Ne7 15. Bf3 Bxf3 16. gxf3 Nf5 17. Ne4 Ke7 18. Ng3 Nh4 19. f4 a5 20. Ke2 a4 21.
Rac1 c5 22. d5 d6 23. Rhg1 f5 24. Nh5 Ng6 25. f3 b5 26. e4 Rdb8 27. exf5 exf5
28. Kd2 bxc4 29. Rge1+ Kf8 30. Rc2 Rb3 31. Re3 Rab8 32. Nf6 Rxe3 33. Kxe3 Rb3+
34. Rc3 Rxb2 35. Nd7+ Ke7 0-1

[Event "33rd New York Masters"]
[Site "New York"]
[Date "2002.11.12"]
[Round "2"]
[White "Shahade, Gregory"]
[Black "Stripunsky, Alexander"]
[Result "1-0"]
[WhiteElo "2493"]
[BlackElo "2618"]
[PlyCount "87"]
[EventDate "2002.11.12"]
[SourceDate "2002.01.21"]

1. e4 c5 2. Nf3 e6 3. d4 cxd4 4. Nxd4 a6 5. Nc3 Qc7 6. Be2 Nf6 7. O-O Nc6 8.
Be3 b5 9. f4 b4 10. Na4 Nxe4 11. Bf3 d5 12. f5 exf5 13. Nxf5 Be6 14. Kh1 Qe5
15. Bg4 h5 16. Bh3 g5 17. Nd4 Bd6 18. Nf3 Qg7 19. Bxe6 fxe6 20. Nd4 Qe5 21. Nf3
Qg7 22. Nd4 Nd8 23. c4 bxc3 24. bxc3 Rb8 25. c4 g4 26. cxd5 Qe5 27. Bf4 Qxd5
28. Bxd6 Qxd6 29. Qd3 Qd5 30. Nc3 Nxc3 31. Qg6+ Kd7 32. Qg7+ Kd6 33. Qxh8 Nc6
34. Nf5+ exf5 35. Qxc3 Rb4 36. Rad1 Rd4 37. Rxd4 Qxd4 38. Qa3+ Ke6 39. Qxa6 Qc3
40. Qe2+ Ne5 41. a4 f4 42. Qa2+ Kf5 43. a5 Qd3 44. Qb1 1-0